[Event "TUR-chT 2nd League"]
[Site "Konya"]
[Date "2019.07.27"]
[Round "8.11"]
[White "Durukan, Giray Kaan"]
[Black "Erbis, Baris"]
[Result "0-1"]
[WhiteElo "1808"]
[BlackElo "1904"]
[PlyCount "90"]
[EventDate "2019.07.22"]
[EventType "team-swiss"]
[EventRounds "9"]
[EventCountry "TUR"]
[SourceTitle "CBM 191 Extra"]
[Source "ChessBase"]
[SourceDate "2019.09.30"]
[SourceVersion "1"]
[SourceVersionDate "2019.09.30"]
[SourceQuality "1"]
[WhiteTeam "Karaman Masterler"]
[BlackTeam "Yalova Altinkale"]
[WhiteTeamCountry "TUR"]
[BlackTeamCountry "TUR"]

1. e4 d5 2. exd5 Qxd5 3. Nc3 Qa5 4. Nf3 Nf6 5. Be2 Bg4 6. 0-0 Nc6 7. d3 e6 8. h3 Bh5 9. Be3 Bd6 10. a3 h6 11. d4 a6 12. b4 Qf5 13. Nh4 Bxe2 14. Qxe2 Qh5 15. Qxh5 Nxh5 16. d5 Ne5 17. g4 g5 18. f4 Nc4 19. Bd4 Rg8 20. fxg5 hxg5 21. Ng2 Nf4 22. Nxf4 Bxf4 23. dxe6 fxe6 24. Ne2 0-0-0 25. Nxf4 gxf4 26. Bf6 Rd2 27. Rxf4 Rxc2 28. Rf2 Rxf2 29. Kxf2 Kd7 30. g5 e5 31. Rd1+ Ke6 32. Rd8 Rxd8 33. Bxd8 Nxa3 34. g6 Nc2 35. Kf3 Nxb4 36. Kg4 Nc6 37. Kg5 Nxd8 38. Kh6 Nc6 39. h4 e4 40. h5 e3 41. Kh7 e2 42. h6 e1Q 43. g7 Ne7 44. Kh8 Kf7 45. h7 Ng6# 0-1

[Event "TUR-chT 2nd League"]
[Site "Konya"]
[Date "2018.07.20"]
[Round "7.10"]
[White "Aydin, Kaan Ayhan"]
[Black "Durukan, Giray Kaan"]
[Result "0-1"]
[WhiteElo "1910"]
[BlackElo "1470"]
[PlyCount "134"]
[EventDate "2018.07.16"]
[EventType "team-swiss"]
[EventRounds "9"]
[EventCountry "TUR"]
[SourceTitle "EXT 2019"]
[Source "ChessBase"]
[SourceDate "2018.10.10"]
[SourceVersion "1"]
[SourceVersionDate "2018.10.10"]
[SourceQuality "1"]
[WhiteTeam "Marmara Universitesi"]
[BlackTeam "Karaman Yunus Ortaokulu"]
[WhiteTeamCountry "TUR"]
[BlackTeamCountry "TUR"]

1. e4 c5 2. Nf3 d6 3. d4 cxd4 4. Nxd4 Nf6 5. Nc3 g6 6. Be3 Bg7 7. f3 0-0 8. Qd2 Nc6 9. Bc4 Bd7 10. h4 Rc8 11. Bb3 Nxd4 12. Bxd4 Qa5 13. 0-0-0 b5 14. h5 b4 15. Nd5 Nxd5 16. Bxg7 Kxg7 17. Bxd5 Rh8 18. h6+ Kf8 19. Qf4 f6 20. g4 g5 21. Qd2 Ba4 22. Rh2 Qc5 23. Kb1 Bd7 24. Rc1 e6 25. Bb3 a5 26. c3 bxc3 27. Rxc3 Qg1+ 28. Bd1 Ke7 29. Re3 Rc6 30. Rg2 Qh1 31. Rh2 Qg1 32. Qf2 Rhc8 33. b3 Rc1+ 34. Kb2 Rxd1 35. Qxg1 Rxg1 36. Rd2 Rc6 37. a3 Rb6 38. Rc3 Rc6 39. Rcd3 Rgc1 40. Rf2 R1c5 41. Rdd2 Rb5 42. Rd3 e5 43. Rfd2 Be6 44. Re2 d5 45. exd5 Rxd5 46. Rc3 Rxc3 47. Kxc3 Rb5 48. b4 axb4+ 49. axb4 Rb7 50. Rb2 Bd5 51. b5 Bxf3 52. Rb4 Kd6 53. Ra4 Rxb5 54. Kd3 e4+ 55. Ke3 Bxg4 56. Kxe4 Bf5+ 57. Ke3 Rb3+ 58. Kf2 Rh3 59. Ra6+ Ke5 60. Ra5+ Kf4 61. Ra4+ Be4 62. Rb4 g4 63. Rb6 g3+ 64. Ke2 f5 65. Rf6 g2 66. Kf2 Rh1 67. Ke2 g1Q 0-1

[Event "TUR-chT 2nd League"]
[Site "Konya"]
[Date "2018.07.19"]
[Round "5.15"]
[White "Izi, Ekrem"]
[Black "Durukan, Giray Kaan"]
[Result "0-1"]
[WhiteElo "1621"]
[BlackElo "1470"]
[PlyCount "76"]
[EventDate "2018.07.16"]
[EventType "team-swiss"]
[EventRounds "9"]
[EventCountry "TUR"]
[SourceTitle "EXT 2019"]
[Source "ChessBase"]
[SourceDate "2018.10.10"]
[SourceVersion "1"]
[SourceVersionDate "2018.10.10"]
[SourceQuality "1"]
[WhiteTeam "Seviye Dernegi"]
[BlackTeam "Karaman Yunus Ortaokulu"]
[WhiteTeamCountry "TUR"]
[BlackTeamCountry "TUR"]

1. e4 c5 2. Nf3 d6 3. d4 cxd4 4. Nxd4 Nf6 5. Nc3 g6 6. f4 Nc6 7. Nxc6 bxc6 8. e5 Nd7 9. exd6 exd6 10. Qf3 d5 11. Be3 Bg7 12. Bd2 0-0 13. Be2 Rb8 14. Rb1 Qb6 15. Na4 Qd4 16. b3 Qxa4 17. bxa4 Rxb1+ 18. Bd1 Bd4 19. Ba5 Nf6 20. h3 Re8+ 21. Kd2 Ne4+ 22. Kd3 Bc5 23. g4 Nf2+ 24. Kd2 Be3+ 25. Ke1 Nxh1 26. Qxh1 Bb6+ 27. Kd2 Bxa5+ 28. c3 Ba6 29. Kc2 Reb8 30. Kd2 R8b2+ 31. Ke3 Bb6+ 32. Kf3 Be2+ 33. Kg3 Rxd1 34. Qh2 Bg1 35. Qg2 Be3 36. Kh4 Rf1 37. Kg5 Kg7 38. Kh4 Bf2+ 0-1